Recommendations of the White House conference on children in a democracy, January 18-20, 1940. (Record no. 36338)
[ view plain ]
| 000 -LEADER | |
|---|---|
| fixed length control field | 00998cam a22002411 4500 |
| 001 - CONTROL NUMBER | |
| control field | l 40000147 |
| 003 - CONTROL NUMBER IDENTIFIER | |
| control field | DLC |
| 005 - DATE AND TIME OF LATEST TRANSACTION | |
| control field | 20260227111537.0 |
| 008 - FIXED-LENGTH DATA ELEMENTS--GENERAL INFORMATION | |
| fixed length control field | 800708s1940 dcu f100 0 eng c |
| 010 ## - LIBRARY OF CONGRESS CONTROL NUMBER | |
| LC control number | l 40000147 |
| 035 ## - SYSTEM CONTROL NUMBER | |
| System control number | (OCoLC)6495170 |
| 040 ## - CATALOGING SOURCE | |
| Original cataloging agency | U.S. Dept. of labor. Libr. |
| Transcribing agency | OCl |
| Modifying agency | DLC |
| 050 00 - LIBRARY OF CONGRESS CALL NUMBER | |
| Classification number | HV741 |
| Item number | .W67 1939-40b |
| 111 2# - MAIN ENTRY--MEETING NAME | |
| Meeting name or jurisdiction name as entry element | White House Conference on Children in a Democracy |
| Date of meeting or treaty signing | (1939-1940 : |
| Location of meeting | Washington, D.C.) |
| 245 10 - TITLE STATEMENT | |
| Title | Recommendations of the White House conference on children in a democracy, January 18-20, 1940. |
| 260 ## - PUBLICATION, DISTRIBUTION, ETC. | |
| Place of publication, distribution, etc. | [Washington, |
| Name of publisher, distributor, etc. | U.S. Govt. print. off., |
| Date of publication, distribution, etc. | 1940] |
| 300 ## - PHYSICAL DESCRIPTION | |
| Extent | 1 p. l., 26, [2] p. |
| Dimensions | 26 cm. |
| 500 ## - GENERAL NOTE | |
| General note | Issued by the Children's bureau, United States Department of labor. |
| 500 ## - GENERAL NOTE | |
| General note | "These recommendations are included in the General report adopted by the Conference January 19, 1940." |
| 650 #0 - SUBJECT ADDED ENTRY--TOPICAL TERM | |
| Topical term or geographic name entry element | Child welfare |
| Form subdivision | Congresses. |
| 650 #0 - SUBJECT ADDED ENTRY--TOPICAL TERM | |
| Topical term or geographic name entry element | Children |
| General subdivision | Health and hygiene |
| Form subdivision | Congresses. |
| 710 1# - ADDED ENTRY--CORPORATE NAME | |
| Corporate name or jurisdiction name as entry element | United States. |
| Subordinate unit | Children's Bureau. |
No items available.